| 000 | 01365nam a2200421 i 4500 | ||
|---|---|---|---|
| 001 | 39849 | ||
| 003 | KOSZ 005 | ||
| 005 | 20220309141834.0 | ||
| 008 | 011010s2001 pl f |000 0 pol d | ||
| 020 | _a8372490856 | ||
| 040 |
_cKOSZ 005 _aKOSZ 005 _dKOSZ 005/HR |
||
| 041 | 1 |
_apol _heng |
|
| 046 | _k1993 | ||
| 080 | _a316.77 | ||
| 080 | _a659.3 | ||
| 100 | 1 |
_aThompson, John B. _d(1950- ). _eAutor |
|
| 245 | 1 | 0 |
_aMedia i nowoczesność / _cJohn B. Thompson. |
| 246 | 1 |
_iTytuł oryginału: _aMedia and modernity, _f1995 |
|
| 260 |
_aWrocław : _b"Astrum", _c2001. |
||
| 300 |
_a259 s. ; _c24 cm. |
||
| 336 |
_2rdacontet _aTekst _btxt |
||
| 337 |
_2rdamedia _aBez urządzenia pośredniczącego _bn |
||
| 338 |
_2rdacarrier _aWolumin _bnc |
||
| 380 | _aKsiążki | ||
| 388 | _a1901-2000 | ||
| 388 | _a2001- | ||
| 490 | 1 | _aKreatywność | |
| 500 | _aTyt. oryg.: "The media and modernity" 1995. | ||
| 658 | _aMedia i komunikacja społeczna | ||
| 658 | _aSocjologia i społeczeństwo | ||
| 650 | 4 | _aSocjologia | |
| 650 | 4 | _aŚrodki masowego przekazu | |
| 650 | 4 | _aKomunikacja społeczna | |
| 710 | 2 |
_aWydawnictwo Astrum _4pbl. |
|
| 856 |
_uhttp://koha.tu.koszalin.pl/cgi-bin/koha/opac-detail.pl?biblionumber=39849 _yKatalog online BPK |
||
| 830 | 0 | _aKreatywność - Astrum | |
| 942 |
_cKS _2UKD |
||
| 999 |
_c39849 _d39849 |
||